00301 a2200133 450000100060000002000180000604000260002410000180005024000230006824500180009130000060010936200090011565000430012450261 a9780736279987 cAnchieta - Bela Vista aLarson, Julie10aUp in the skyleng10aUp in the sky a80 a2011 4aLiteratura infanto-juvenil em inglês